Factores relacionados con la aparición de casos de litiasis renal y su recurrencia, en la ciudad de Cartagena de Indias, en 2018 - 2019 / (Registro nro. 4586)
[ vista simple ]
| 000 -LEADER | |
|---|---|
| fixed length control field | 02602nam a2200265 4500 |
| 005 - DATE AND TIME OF LATEST TRANSACTION | |
| control field | 20250329165444.0 |
| 008 - FIXED-LENGTH DATA ELEMENTS--GENERAL INFORMATION | |
| fixed length control field | 190415s2019 000 0 eng d |
| 040 ## - CATALOGING SOURCE | |
| Original cataloging agency | CO-CtgCURN |
| Language of cataloging | spa |
| Transcribing agency | coctgcurn |
| 082 0# - DEWEY DECIMAL CLASSIFICATION NUMBER | |
| Classification number | INQ 2019 |
| Item number | D513 |
| 100 1# - MAIN ENTRY--PERSONAL NAME | |
| Personal name | Devoz Iriarte, Carolina. |
| 245 10 - TITLE STATEMENT | |
| Title | Factores relacionados con la aparición de casos de litiasis renal y su recurrencia, en la ciudad de Cartagena de Indias, en 2018 - 2019 / |
| Statement of responsibility, etc. | Carolina Devoz Iriarte; Keyla Tatiana Zulbarán Pérez; Asesor Alfredo Mendoza; Asesor técnico: Xiomara Hernández Herazo; Asesor metodológico: Jaime Lorduy Gómez; Ruby Muñoz Baldiris. |
| 260 ## - PUBLICATION, DISTRIBUTION, ETC. | |
| Place of publication, distribution, etc. | Cartagena de Indias : |
| Name of publisher, distributor, etc. | Corporación Universitaria Rafael Nuñez, |
| Date of publication, distribution, etc. | 2019. |
| 300 ## - PHYSICAL DESCRIPTION | |
| Extent | 144 hojas. |
| 504 ## - BIBLIOGRAPHY, ETC. NOTE | |
| Bibliography, etc. note | Trabajo de grado (Instrumentación quirúrgica). Corporación Universitaria Rafael Nuñez. Facultad de Ciencias de la Salud. Instrumentación quirúrgica, 2019. |
| 520 ## - SUMMARY, ETC. | |
| Summary, etc. | "La litiasis renal constituye una de las afecciones más comunes de la sociedad moderna. A pesar de los avances logrados en el tratamiento de esta enfermedad, múltiples estudios hacen referencia a un incremento en la prevalencia de la misma en las últimas décadas. En Estados Unidos, según la Encuesta Nacional de Examen de Salud y Nutrición, la prevalencia de litiasis renal ha pasado del 3,8% entre 1976 y 1980 al 8,8% en el periodo comprendido entre 2007 y 2010 (10,6% en hombres vs. 7,1% en mujeres). La litiasis urinariaes además una enfermedad con alta tasa de recurrencia, se estima que, tras un primer episodio, entre el 30% y el 50% recurrir en los próximos 5-10 años (1). En Colombia el número de casos ha aumentado y el impacto de la enfermedad es mayor en la edad más productiva; así mismo, su aparición también depende de otros factores como el clima,los hábitos alimentarios y la raza, es una de las causas más frecuentes de consulta en urología. Se estima que su riesgo de ocurrencia en los hombres es de un 12% y en las mujeres de un 6 % (2). " |
| 650 #0 - SUBJECT ADDED ENTRY--TOPICAL TERM | |
| Topical term or geographic name entry element | Instrumentación quirúrgica |
| Form subdivision | Tesis y disertaciones academicas. |
| 700 1# - ADDED ENTRY--PERSONAL NAME | |
| Personal name | Zulbarán Pérez, Keyla Tatiana, |
| Relator term | coautor. |
| 700 1# - ADDED ENTRY--PERSONAL NAME | |
| Personal name | Mendoza, Alfredo |
| -- | Asesor. |
| 700 1# - ADDED ENTRY--PERSONAL NAME | |
| Personal name | Hernández Herazo, Xiomara |
| -- | Asesor. |
| 700 1# - ADDED ENTRY--PERSONAL NAME | |
| Personal name | Lorduy Gómez, Jaime |
| -- | Asesor. |
| 700 1# - ADDED ENTRY--PERSONAL NAME | |
| Personal name | Muñoz Baldiris, Ruby |
| -- | Asesor. |
| 856 ## - ELECTRONIC LOCATION AND ACCESS | |
| Uniform Resource Identifier | <a href="https://unicurn.sharepoint.com/:b:/s/biblioteca/EbpaBWQgXwpEpaljs6eNBvwBdwb-fw5xHDxwQvNjtmUoRA?e=BNtwRd">https://unicurn.sharepoint.com/:b:/s/biblioteca/EbpaBWQgXwpEpaljs6eNBvwBdwb-fw5xHDxwQvNjtmUoRA?e=BNtwRd</a> |
| Public note | Click aqui para ver el recurso en texto completo |
| 942 ## - ADDED ENTRY ELEMENTS (KOHA) | |
| Source of classification or shelving scheme | Dewey Decimal Classification |
| Koha item type | Trabajos de grado |
| Classification part | INQ 2019 |
| Item part | D513 |
| Withdrawn status | Lost status | Source of classification or shelving scheme | Damaged status | Not for loan | Collection | Home library | Current library | Shelving location | Date acquired | Source of acquisition | Cost, normal purchase price | Inventory number | Total checkouts | Full call number | Barcode | Date last seen | Price effective from | Koha item type |
|---|---|---|---|---|---|---|---|---|---|---|---|---|---|---|---|---|---|---|
| Dewey Decimal Classification | Trabajos de grado | Miguel Henríquez Emiliani | Miguel Henríquez Emiliani | Trabajo de grado | 06/01/2019 | El autor | 350000.00 | 022752 | INQ 2019 D513 | 022752 | 06/20/2019 | 06/20/2019 | Trabajos de grado |